000 00474nam a2200193 a 4500
001 1754983873863
003 ACL
005 20250812130357.0
008 250812s2009##################000#0#eng##
020 _a9780199229840
082 0 4 _a709
_bPRE
100 1 _aPreziosi, Donald,
_eauthor.
245 1 0 _aThe Art of Art History :
260 _bOxford University Press, USA,
_c2009.
300 _a600 pages
650 0 _aArt.
942 _cENGLISH
040 _aACL
_beng
_cACL
999 _c581206
_d581206